inbred - ethel cain - Statistics

General Stats
  • This quiz has been taken 48 times
  • The average score is 291 of 320
Answer Stats
Answer % Correct
a
100%
brother
100%
he
100%
i
100%
it
100%
me
100%
of
100%
on
100%
the
100%
to
100%
all
97%
for
97%
god
97%
im
97%
not
97%
out
97%
was
97%
what
97%
you
97%
along
94%
and
94%
can
94%
floor
94%
gone
94%
him
94%
himself
94%
know
94%
my
94%
pissing
94%
rapist
94%
scared
94%
so
94%
stove
94%
til
94%
touch
94%
vomit
94%
who
94%
win
94%
with
94%
back
91%
bare
91%
cant
91%
cops
91%
daddys
91%
else
91%
gown
91%
her
91%
hes
91%
his
91%
how
91%
ill
91%
in
91%
is
91%
longer
91%
made
91%
naked
91%
name
91%
night
91%
nobody
91%
older
91%
stay
91%
take
91%
under
91%
up
91%
us
91%
watch
91%
we
91%
we're
91%
were
91%
will
91%
your
91%
yourself
91%
are
89%
baby
89%
but
89%
fuck
89%
good
89%
if
89%
knew
89%
knows
89%
lay
89%
much
89%
put
89%
should
89%
stronger
89%
swear
89%
that
89%
wake
89%
want
89%
youre
89%
about
86%
at
86%
does
86%
em
86%
fall
86%
feds
86%
from
86%
fucking
86%
he'll
86%
just
86%
leg
86%
lights
86%
love
86%
show
86%
start
86%
talking
86%
wakes
86%
warm
86%
way
86%
wrong
86%
already
83%
could
83%
dead
83%
death
83%
get
83%
look
83%
off
83%
bed
80%
its
80%
rotten
80%
she
80%
smells
80%
spread
80%
starting
80%
sucking
80%
they
80%
watching
80%
dick
77%
door
77%
holes
77%
leave
77%
mamas
77%
more
77%
something
77%
through
77%
trash
77%
youd
77%
comatose
74%
hates
74%
have
74%
this
74%
white
74%
worse
74%
bad
71%
(oh)
71%
scumbag
71%
innocence
69%
youll
66%
savor
63%
fought
60%
No matching quizzes found
Score Distribution
Percent of People with Each Score
Percentile by Number Answered
Your Score History
You have not taken this quiz